Deutsche Großstädte in den obersten 3 Fußballligen - Statistiken

Allgemein
  • Dieses Quiz wurde 136 mal gespielt
  • Das Durchschnittsergebnis liegt bei 35 aus 41
Answers on the Grid
Answers color-coded by a green-red scale on the quiz's grid according to % correct below.
Aachen
Augsburg
Bergisch Gladbach
Berlin
Bielefeld
Bochum
Bonn
Bottrop
Braunschweig
Bremen
Bremerhaven
Chemnitz
Darmstadt
Dortmund
Dresden
Duisburg
Düsseldorf
Erfurt
Erlangen
Essen
Frankfurt am Main
Freiburg im Breisgau
Fürth
Gelsenkirchen
Göttingen
Gütersloh
Hagen
Halle (Saale)
Hamburg
Hamm
Hannover
Heidelberg
Heilbronn
Herne
Ingolstadt
Jena
Kaiserslautern
Karlsruhe
Kassel
Kiel
Koblenz
Köln
Krefeld
Leipzig
Leverkusen
Lübeck
Ludwigshafen am Rhein
Magdeburg
Mainz
Mannheim
Moers
Mönchengladbach
Mülheim an der Ruhr
München
Münster
Neuss
Nürnberg
Oberhausen
Offenbach am Main
Oldenburg
Osnabrück
Paderborn
Pforzheim
Potsdam
Recklinghausen
Regensburg
Remscheid
Reutlingen
Rostock
Saarbrücken
Salzgitter
Siegen
Solingen
Stuttgart
Trier
Ulm
Wiesbaden
Wolfsburg
Wuppertal
Würzburg
 
Antwortstatistiken
Antwort % Korrekt
Berlin
98%
Augsburg
97%
Bochum
96%
Dortmund
96%
Bremen
95%
Düsseldorf
95%
Dresden
94%
Bielefeld
91%
Braunschweig
91%
Frankfurt am Main
90%
Hannover
90%
Darmstadt
89%
Köln
89%
Leverkusen
89%
Hamburg
88%
Leipzig
88%
München
88%
Mainz
87%
Mönchengladbach
87%
Gelsenkirchen
86%
Kiel
86%
Kaiserslautern
85%
Karlsruhe
85%
Nürnberg
85%
Stuttgart
85%
Wolfsburg
85%
Freiburg im Breisgau
83%
Fürth
80%
Ingolstadt
80%
Paderborn
79%
Magdeburg
78%
Essen
76%
Münster
75%
Osnabrück
75%
Aachen
74%
Rostock
74%
Saarbrücken
73%
Mannheim
72%
Ulm
70%
Wiesbaden
70%
Regensburg
65%
Keine übereinstimmenden Quizze gefunden
Verteilung der Resultate
Anzahl Personen mit jedem Resultat
Perzentil nach korrekt beantworteten Fragen
Ihre Resultats-Entwicklung
Sie haben dieses Quiz noch nicht gespielt